000 00823nam a22002177a 4500
005 20110927143916.0
010 _aG-001442
020 _c750.00
_a9788170750033
035 1 d _aG-001442
037 _bGift
082 _a781.62914
100 _aBhat, Jayashree Thatte
_934932
245 _aHindustani vocal music:
_cby Jayashree Thatte Bhat
_b(as seen outside India) /
260 _aNew Delhi
_bAbhinav Publication
_c2009
270 _aE-37, Hauz Khas
_bNew Delhi
_e110016
300 _a472p.
_c25cm(Hb)
_bcol. photos
500 _aIncludes bibliographical references and index
942 _2ddc
_cEN
_h781.62914
_mBHA
999 _c57058
_d57058